Phân lập và định danh một số loài vi khuẩn hiện diện trong phân chó tiêu chảy được điều trị tại các cơ sở thú y ở thành phố Cần Thơ : Chuyên ngành Thú y

Đề tài xác định tình hình nhiễm bệnh đường tiêu hóa ở chó tại các cơ sở thú y thuộc Tp. Cần Thơ. Xác định tỷ lệ nhiễm một số loại vi khuẩn Escherichia coli, salmonella, proteus, clostridium, campylobacter trên chó bị tiêu chảy ở các cơ sở thú y...

詳細記述

保存先:
書誌詳細
第一著者: Phạm, Mỹ Hạnh
フォーマット: 図書
言語:Undetermined
出版事項: Cần Thơ Trường Đại học Cần Thơ 2009
主題:
タグ: タグ追加
タグなし, このレコードへの初めてのタグを付けませんか!
Thư viện lưu trữ: Trung tâm Học liệu Trường Đại học Cần Thơ
LEADER 01368nam a2200229Ia 4500
001 CTU_154463
008 210402s9999 xx 000 0 und d
082 |a 636.70896342 
082 |b H513 
088 |a 60640101 
100 |a Phạm, Mỹ Hạnh 
245 0 |a Phân lập và định danh một số loài vi khuẩn hiện diện trong phân chó tiêu chảy được điều trị tại các cơ sở thú y ở thành phố Cần Thơ : 
245 0 |b Chuyên ngành Thú y 
245 0 |c Phạm Mỹ Hạnh; Trần Thị Phận, Lý Thị Liên Khai (Hướng dẫn khoa học) 
260 |a Cần Thơ 
260 |b Trường Đại học Cần Thơ 
260 |c 2009 
520 |a Đề tài xác định tình hình nhiễm bệnh đường tiêu hóa ở chó tại các cơ sở thú y thuộc Tp. Cần Thơ. Xác định tỷ lệ nhiễm một số loại vi khuẩn Escherichia coli, salmonella, proteus, clostridium, campylobacter trên chó bị tiêu chảy ở các cơ sở thú y thuộc Tp. Cần Thơ,... 
650 |a Veterinary microbiology,Bacterial diseases in animals,Dogs,Vi sinh vật thú y,Con chó 
650 |x Diseases,Bệnh 
904 |i Năm 
980 |a Trung tâm Học liệu Trường Đại học Cần Thơ